| 000 | 00444nam a2200157 a 4500 | ||
|---|---|---|---|
| 999 |
_c6795 _d6795 |
||
| 020 | _a978-1482217513 | ||
| 082 | _a621.38275BIN | ||
| 100 | 1 | _aBinh, Le Nguyen. | |
| 245 | 1 | 0 | _aFiber-optic communication systems |
| 250 | _a1st ed. | ||
| 260 |
_aNew York _bCRC Press, _c2010. |
||
| 300 | _a534 p. ; | ||
| 650 |
_aFiber optics _aOptical communications |
||
| 856 | 4 | 0 | _uhttp://www.amazon.com/exec/obidos/ASIN/0471215716/chopaconline-20 |
| 942 | _cBK | ||